| 000 | 00374nam a2200157Ia 4500 | ||
|---|---|---|---|
| 100 | _aSimon Haykin | ||
| 650 | _aCommunications | ||
| 942 | _cBK | ||
| 366 | _f20 | ||
| 654 | _aanalog | ||
| 245 | _aAn Introduction to Analog and Digital Communications | ||
| 260 |
_bWiley student ed. _aNew Delhi _c1989 |
||
| 082 |
_a621.382/SIM _bSIM |
||
| 300 | _a652 | ||
| 546 | _aENGLISH | ||
| 999 |
_c31158 _d31158 |
||